| 000 | 00461nam a2200157 i 4500 | ||
|---|---|---|---|
| 001 | 90240 | ||
| 003 | ES-MaACL | ||
| 005 | 20230906180405.0 | ||
| 007 | t| | ||
| 008 | 050119s1968 sp ||||1| spa d | ||
| 100 | 1 |
_aLedesma Criado, José. _971152 |
|
| 245 | 1 | 0 |
_aBiografía de urgencia _b: (1965-1967) / _cJosé Ledesma Criado. |
| 260 |
_aSalamanca : _b[s.n., _c1968] ( _fGráf. Calatrava) |
||
| 300 |
_a74 p. ; _c21 cm. |
||
| 852 |
_aES-MaACL _jC-34207 _bR.65078 |
||
| 999 |
_c90240 _d90240 |
||